Estadísticas para F1 Drivers since 2005

Haz click aquí para tomar la prueba!

Estadísticas generales

  • Esta prueba ha sido tomada 133 veces
  • La puntuación promedio es 34 de 87

Estadísticas de respuestas

HintRespuesta% Correcto
250Lewis Hamilton
98%
261Fernando Alonso
96%
95Michael Schumacher
92%
53Ralf Schumacher
89%
240Sebastian Vettel
89%
176Sergio Pérez
88%
245Kimi Raikkonen
87%
102Carlos Sainz Jr.
86%
102Max Verstappen
86%
235Felipe Massa
80%
42Charles Leclerc
76%
171Daniel Ricciardo
76%
222Jenson Button
76%
62Lance Stroll
73%
50Esteban Ocon
72%
139Valtteri Bottas
72%
206Nico Rosberg
71%
21Lando Norris
70%
47Pierre Gasly
65%
165Mark Webber
64%
102Kevin Magnussen
63%
21George Russell
61%
42Pedro de la Rosa
61%
97Robert Kubica
61%
127Rubens Barrichello
61%
177Nico Hülkenberg
60%
21Alexander Albon
59%
164Romain Grosjean
59%
95Pastor Maldonado
53%
88Giancarlo Fisichella
52%
124Jarno Trulli
51%
26Juan Pablo Montoya
47%
93Daniil Kvyat
45%
46Jaime Alguersuari
45%
75Kamui Kobayashi
42%
23Antonio Giovinazzi
40%
46Bruno Senna
37%
54Takuma Sato
37%
111Heikki Kovalainen
35%
34Jules Bianchi
35%
71David Coulthard
34%
97Marcus Ericsson
30%
57Vitaly Petrov
30%
46Narain Karthikeyan
29%
99Nick Heidfeld
29%
128Adrian Sutil
28%
28Nelson Piquet Jr.
28%
30Jacques Villeneuve
27%
87Timo Glock
27%
37Tiago Monteiro
25%
13Roberto Merhi
23%
59Paul di Resta
22%
59Esteban Gutiérrez
20%
55Sebastien Buemi
20%
80Vitantonio Liuzzi
20%
28Scott Speed
19%
25Brendon Hartley
18%
58Jean-Éric Vergne
18%
35Joylon Palmer
17%
4Yuji Ide
16%
5Alexander Rossi
14%
39Charles Pic
14%
36Kazuki Nakajima
14%
21Sergey Sirotkin
14%
31Christian Klien
13%
1Markus Winkelhock
13%
39Pascal Wehrlein
13%
21Sakon Yamamoto
13%
27Sébastien Bourdais
13%
39Felipe Nasr
12%
35Max Chilton
12%
46Christijan Albers
11%
11Karun Chandhok
11%
2Luca Badoer
11%
22Anthony Davidson
10%
20Jérôme d'Ambrosio
10%
41Stoffel Vandoorme
10%
18Will Stevens
10%
17Alexander Wurz
8%
7Franck Montagny
8%
18Lucas di Grassi
7%
11Patrick Friesacher
7%
12Rio Haryanto
7%
11Robert Doornbos
7%
19Giedo van der Garde
6%
5Antonio Pizzonia
5%
1André Lotterer
2%

Distribución de puntuación

Porcentaje por número respondido

Porcentaje de gente con cada puntuación

Historial de tus puntuaciones

No has tomado esta prueba